| 000 | 00438nam a2200145Ia 4500 | ||
|---|---|---|---|
| 003 | OSt | ||
| 005 | 20260202112802.0 | ||
| 008 | 211028s2019 xx 000 0 und d | ||
| 040 | _cAIMIT LIBRARY | ||
| 041 | _aeng | ||
| 100 |
_aAnanya, Thomas, Babu. _g1716020 _98000 |
||
| 245 | _aStudy on employees health and safety measures at Shahi exports private Limited Bangalore / | ||
| 260 |
_aBangalore _bRavi Kudtarkar _c2019 |
||
| 942 |
_2ddc _cPRO |
||
| 999 |
_c219568 _d219568 |
||